00476 2200193 4500001002100000005001500021008004100036020002200077035001900099041000700118082000800125090001400133100001500147245003900162260002600201300003000227500001000257650001500267INLIS00000000000391020241224112819241224||||||||| | ||| |||| || |  a978-979-1362-47-4 0010-1224003910 aid0 a001 a001 NUA e0 aTim Nuansa00aEnsiklopei Percobaan Sains Dasar 3 bnuansa cendekiac2013 a124 hlm. : ilus, ; 25 cm. aCet.4 0aKarya Umum